| 000 | 00517nam a2200169 a 4500 | ||
|---|---|---|---|
| 005 | 20140310183143.0 | ||
| 008 | 020820s19uu xx 00 eng d | ||
| 050 |
_aHD 58.7 _b.R62 1996 |
||
| 100 | _aRobbins, Stephen | ||
| 245 |
_aOrganizational behavior : _bconcepts controversies and applications / _cStephen Robbins. |
||
| 260 |
_aUSA : _bPrentice Hall Inc., _c1996. |
||
| 300 |
_a751 p. : _bill. col. ; _c26 cm. |
||
| 521 | _aBSBA | ||
| 650 | _aOrganizational behavior | ||
| 942 |
_cBK _2lcc _kFOR |
||
| 999 |
_c19444 _d19444 |
||